Central Library OPAC University of Rajshahi

The International Monetary Fund : (Record no. 4722)

MARC details
000 -LEADER
fixed length control field 00707nam a2200229 a 4500
001 - CONTROL NUMBER
control field 4722
003 - CONTROL NUMBER IDENTIFIER
rucl marc code UkOxU
005 - DATE AND TIME OF LATEST TRANSACTION
control field 20211208233938.0
008 - FIXED-LENGTH DATA ELEMENTS--GENERAL INFORMATION
fixed length control field 131223s1964 enk b i000 0 eng
035 ## - SYSTEM CONTROL NUMBER
System control number oxf98415967
040 ## - CATALOGING SOURCE
Original cataloging agency DJB
Transcribing agency DJB
Language of cataloging eng
041 ## - LANGUAGE CODE
Language code of text/sound track or separate title eng
082 ## - DEWEY DECIMAL CLASSIFICATION NUMBER
Classification number 332.152
Author mark and year HOI 1964
090 ## - LOCALLY ASSIGNED LC-TYPE CALL NUMBER (OCLC); LOCAL CALL NUMBER (OCLC)
Classification number (OCLC) (R) ; Classification number, CALL (RLIN) (NR) HG3881.5.I58
Local cutter number (OCLC) ; Book number/undivided call number, CALL (RLIN) H65
100 1# - MAIN ENTRY--PERSONAL NAME
Personal name Horie, Shigeo,
Dates associated with a name 1903-
9 (RLIN) 14885
245 14 - TITLE STATEMENT
Title The International Monetary Fund :
Remainder of title retrospect and prospect /
Statement of responsibility, etc. With a foreword by Sir Roy Harrod
260 ## - PUBLICATION, DISTRIBUTION, ETC. (IMPRINT)
Place of publication, distribution, etc. London :
Name of publisher, distributor, etc. Macmillan ;
Place of publication, distribution, etc. New York :
Name of publisher, distributor, etc. St. Martin's Press,
Date of publication, distribution, etc. 1964
300 ## - PHYSICAL DESCRIPTION
Pagination xii, 208 [1] p. ;
Size 23 cm
504 ## - BIBLIOGRAPHY, ETC. NOTE
Bibliography, etc Bibliographical footnotes
610 20 - SUBJECT ADDED ENTRY--CORPORATE NAME
Corporate name or jurisdiction name as entry element International Monetary Fund.
942 ## - ADDED ENTRY ELEMENTS (KOHA)
Source of classification or shelving scheme Dewey Decimal Classification
Koha item type Books
Holdings
Lost status Source of classification or shelving scheme Damaged status Not for loan Collection code Permanent Location Current Location Shelving location Date acquired Source of acquisition Cost, normal purchase price Total Checkouts Full call number Date last seen Copy number Koha item type
  Dewey Decimal Classification   Not For Loan Non-fiction Central Library, University of Rajshahi Central Library, University of Rajshahi   13/11/1965 Zeitlinger 30.00   332.152 HOI 1964 23/12/2013 C-1 Books